00453nam a22001457a 450000500170000000800410001702000280005804100120008608200120009810000120011024500820012226000510020430000260025565000260028120240809092722.0240809b |||||||| |||| 00| 0 eng d a0702157848 : 0702157880 aEnglish a349 SOU lEnglish aThe Index and Annotations to the South African Law Reports: Case Annotations  aCape Town: bJuta and Company Ltd, c1947-2001 b1705 pages; c25 cm.  aLegal practice bLaw